| 000 | 00372nam a2200145Ia 4500 | ||
|---|---|---|---|
| 008 | 251118s9999 xx 000 0 und d | ||
| 020 | _a9788120314405 | ||
| 082 | _a004 SIL | ||
| 100 | _aSiler, Brian | ||
| 245 | 0 | _aUsing Visual Basic 6 | |
| 260 |
_aNew Delhi: _bPrentice-Hall International, _c1998 |
||
| 300 | _axxii, 860p. | ||
| 600 | _aComputer Science | ||
| 942 | _cGB | ||
| 999 |
_c31659 _d31659 |
||